[Event "Las Americas op U2400 Hybrid"]
[Site "Internet"]
[Date "2022.06.04"]
[Round "1.18"]
[White "Hernandez Elizondo, Carlos"]
[Black "Ulloa Centeno, Leandro Nicolas"]
[Result "1/2-1/2"]
[WhiteElo "2044"]
[BlackElo "1485"]
[PlyCount "193"]
[EventDate "2022.06.04"]
[EventType "swiss"]
[EventRounds "6"]
[EventCountry "VEN"]
[SourceTitle "EXT 2024"]
[Source "ChessBase"]
[SourceDate "2023.10.10"]
[SourceVersion "1"]
[SourceVersionDate "2023.10.10"]
[SourceQuality "1"]

1. e4 c5 2. Nf3 Nc6 3. d4 cxd4 4. Nxd4 g6 5. Nxc6 bxc6 6. Qd4 Nf6 7. Nc3 d6 8. Bg5 Bg7 9. Bc4 0-0 10. Qd2 Re8 11. 0-0-0 Rb8 12. f3 d5 13. Bxf6 Bxf6 14. exd5 Qa5 15. Bb3 Qc7 16. Kb1 a5 17. a4 Bf5 18. Ne4 Bxe4 19. fxe4 Qe5 20. Qc3 Qxc3 21. bxc3 cxd5 22. Rxd5 Bxc3 23. Rf1 Rb4 24. Rc5 Bd2 25. Ka2 e6 26. Rc7 Rf8 27. Rfxf7 Rxf7 28. Bxe6 Rxa4+ 29. Kb3 Rb4+ 30. Ka3 Bc1+ 31. Ka2 Rxe4 32. Bxf7+ Kh8 33. Bd5 Ra4+ 34. Kb3 Rb4+ 35. Ka2 Bf4 36. Rc8+ Kg7 37. h3 Ra4+ 38. Kb3 Rb4+ 39. Ka3 Bc1+ 40. Ka2 Rb2+ 41. Ka1 Kf6 42. Bb3 a4 43. Bxa4 Rb7 44. Bb3 Kg5 45. Rc4 h5 46. Ra4 Re7 47. Bc4 Re3 48. Bd3 Rg3 49. Ra6 Kf4 50. Kb1 Bd2 51. Bxg6 h4 52. Ra4+ Kg5 53. Be4 Rc3 54. Bf3 Be1 55. Kb2 Rc7 56. c4 Rc5 57. Kc2 Kf4 58. Kd3 Ke5 59. Ra8 Kd6 60. Bd5 Bg3 61. Ke4 Rc7 62. Kf3 Kc5 63. Rg8 Be1 64. g4 hxg3 65. h4 Rh7 66. Re8 Bf2 67. Re4 Rh6 68. Kg2 Kd6 69. Rg4 Ke5 70. Bf7 Kf5 71. Kf3 Ke5 72. Bg6 Kf6 73. h5 Rh8 74. Ke4 Rd8 75. Kf3 Rh8 76. Ke2 Kg7 77. Rg5 Kh6 78. Rf5 Rc8 79. Bf7 Rc6 80. Kf3 Kg7 81. Bd5 Rf6 82. Rxf6 Kxf6 83. Kf4 Kg7 84. Bf3 Kh6 85. Kg4 Kg7 86. Kg5 Be3+ 87. Kf5 Kh6 88. Kg4 Bf2 89. Be4 Kg7 90. Kg5 Be3+ 91. Kf5 Kh6 92. Bf3 g2 93. Bxg2 Kxh5 94. Ke4 Bg1 95. Kd5 Kg6 96. c5 Bxc5 97. Kxc5 1/2-1/2

[Event "Mexican op 53rd"]
[Site "Aguascalientes"]
[Date "2007.04.04"]
[Round "2"]
[White "Hernandez Elizondo, Carlos"]
[Black "Almeida Saenz, Alfonso"]
[Result "1-0"]
[WhiteElo "2156"]
[BlackElo "2404"]
[PlyCount "85"]
[EventDate "2007.04.03"]
[EventType "swiss"]
[EventRounds "9"]
[EventCountry "MEX"]
[SourceTitle "CBM 117 Extra"]
[Source "ChessBase"]
[SourceDate "2007.05.09"]
[SourceVersion "1"]
[SourceVersionDate "2007.05.09"]
[SourceQuality "1"]

1. e4 c5 2. Nf3 d6 3. d4 cxd4 4. Nxd4 Nf6 5. Nc3 g6 6. Be3 Bg7 7. f3 Nc6 8. Qd2 Bd7 9. 0-0-0 Rc8 10. Nxc6 bxc6 11. Bc4 Qa5 12. g4 Be6 13. Bxe6 fxe6 14. Bh6 Bxh6 15. Qxh6 Rb8 16. e5 dxe5 17. a3 Qb6 18. b3 Rf8 19. Rhe1 Qa5 20. Kb2 Nd5 21. Ne4 Rf7 22. Qd2 Qb6 23. Ng5 Rf6 24. Qd3 h6 25. Nh7 Kf7 26. Nxf6 exf6 27. c4 Ne7 28. Qe3 c5 29. Rd3 g5 30. Red1 Rh8 31. Rd6 Qa5 32. R1d2 h5 33. h4 hxg4 34. hxg5 Nf5 35. Rd7+ Kg6 36. Qe4 g3 37. gxf6 Rh2 38. Rxh2 gxh2 39. Qg4+ Kxf6 40. Qh5 Ne7 41. Qh4+ Kf5 42. Qxe7 h1Q 43. Qf8+ 1-0

[Event "Villa Ballester op 56th"]
[Site "Villa Ballester"]
[Date "2006.01.13"]
[Round "7"]
[White "Vives, Gabriel Alejandro"]
[Black "Hernandez Elizondo, Carlos"]
[Result "0-1"]
[WhiteElo "2099"]
[BlackElo "2206"]
[PlyCount "66"]
[EventDate "2006.01.03"]
[EventType "swiss"]
[EventRounds "9"]
[EventCountry "ARG"]
[SourceTitle "CBM 110 Extra"]
[Source "ChessBase"]
[SourceDate "2006.03.10"]
[SourceVersion "2"]
[SourceVersionDate "2006.03.10"]
[SourceQuality "1"]

1. e4 c5 2. Nf3 d6 3. d4 cxd4 4. Nxd4 Nf6 5. Nc3 a6 6. Bg5 e6 7. f4 Be7 8. Qf3 Nbd7 9. 0-0-0 Qc7 10. g4 b5 11. Bxf6 Nxf6 12. g5 Nd7 13. f5 Bxg5+ 14. Kb1 Ne5 15. Qh5 Qe7 16. fxe6 g6 17. exf7+ Nxf7 18. Qe2 Bb7 19. Qg2 Bf6 20. Be2 Ne5 21. Rhf1 0-0 22. Nf5 Qc7 23. Nxd6 Nd7 24. Qh3 Nc5 25. Nxb7 Qxb7 26. Nd5 Bg7 27. Qg4 Rae8 28. Bd3 Qb8 29. Rxf8+ Rxf8 30. Qg5 Nxd3 31. cxd3 Qxh2 32. Rd2 Qe5 33. Qg4 Rf1+ 0-1

[Event "Carlos Torre Memorial op 15th"]
[Site "Merida"]
[Date "2002.12.18"]
[Round "6"]
[White "Lopez Michelone, Manuel"]
[Black "Hernandez Elizondo, Carlos"]
[Result "1-0"]
[WhiteElo "2105"]
[BlackElo "2210"]
[PlyCount "81"]
[EventDate "2002.12.13"]
[EventType "swiss"]
[EventRounds "9"]
[EventCountry "MEX"]
[SourceTitle "CBM 091 Extra"]
[Source "ChessBase"]
[SourceDate "2003.01.09"]
[SourceVersion "1"]
[SourceVersionDate "2003.01.09"]
[SourceQuality "1"]

1. e4 d6 2. d4 Nf6 3. Bd3 g6 4. f4 Nc6 5. c3 e5 6. fxe5 dxe5 7. d5 Ne7 8. Nf3 Bg7 9. 0-0 c6 10. c4 cxd5 11. cxd5 Qb6+ 12. Kh1 Bg4 13. Nbd2 0-0 14. Nc4 Qa6 15. Ncxe5 Qd6 16. Nc4 Qa6 17. Ne3 Bxf3 18. Rxf3 Qb6 19. Nc4 Qa6 20. Bg5 Rfe8 21. d6 b5 22. Ne3 Qxd6 23. Bxb5 Red8 24. Qxd6 Rxd6 25. e5 Rb6 26. Bc4 Bf8 27. exf6 Nc6 28. Nd5 Rxb2 29. Ne7+ Bxe7 30. fxe7 Rbb8 31. Re1 Nd4 32. Rxf7 Nf5 33. Rxf5+ Kg7 34. Rf7+ Kg8 35. Bh6 Kh8 36. Bf4 Rg8 37. Be5+ Rg7 38. Rxg7 h5 39. Rf1 Rg8 40. Rxg8+ Kh7 41. Rh8# 1-0

[Event "Carlos Torre Memorial op 15th"]
[Site "Merida"]
[Date "2002.12.13"]
[Round "1"]
[White "Peric, Slavisa"]
[Black "Hernandez Elizondo, Carlos"]
[Result "1-0"]
[WhiteElo "2282"]
[BlackElo "2210"]
[PlyCount "79"]
[EventDate "2002.12.13"]
[EventType "swiss"]
[EventRounds "9"]
[EventCountry "MEX"]
[SourceTitle "CBM 091 Extra"]
[Source "ChessBase"]
[SourceDate "2003.01.09"]
[SourceVersion "1"]
[SourceVersionDate "2003.01.09"]
[SourceQuality "1"]

1. d4 Nf6 2. Nf3 d6 3. g3 g6 4. Bg2 Bg7 5. 0-0 0-0 6. a4 Re8 7. Nc3 Nbd7 8. a5 a6 9. e4 e5 10. h3 exd4 11. Nxd4 Nc5 12. Re1 Rb8 13. b4 Ne6 14. Nb3 Nf8 15. Be3 Be6 16. Nd4 Qd7 17. Kh2 Rbd8 18. Nd5 Bxd5 19. exd5 Ne4 20. Qd3 Nf6 21. c4 Rc8 22. b5 axb5 23. cxb5 h5 24. a6 Rb8 25. Rec1 N6h7 26. Ra2 Be5 27. Rac2 Rec8 28. f4 Bg7 29. Nb3 Nf6 30. axb7 Rxb7 31. b6 Ne8 32. Na5 Rbb8 33. b7 Rd8 34. Ba7 Rxb7 35. Nxb7 Qa4 36. Be3 Rb8 37. Rb1 Qa8 38. Qb5 Nh7 39. Rc6 Nhf6 40. Ra6 1-0

[Event "Caceres op"]
[Site "Caceres"]
[Date "1993.??.??"]
[Round "2"]
[White "Hernandez Elizondo, Carlos"]
[Black "Teran Alvarez, Ismael"]
[Result "0-1"]
[WhiteElo "2245"]
[BlackElo "2245"]
[PlyCount "56"]
[EventDate "1993.??.??"]
[EventType "swiss"]
[EventRounds "9"]
[EventCountry "ESP"]
[SourceTitle "EXT 1997"]
[Source "ChessBase"]
[SourceDate "1996.11.15"]
[SourceVersion "1"]
[SourceVersionDate "1996.11.15"]
[SourceQuality "1"]

1. d4 Nf6 2. c4 c5 3. d5 a6 4. Nc3 b5 5. cxb5 axb5 6. Nxb5 e6 7. dxe6 Qa5+ 8. Nc3 fxe6 9. Bd2 Qb6 10. e4 Nc6 11. Nf3 Be7 12. Be2 0-0 13. Qb1 Ba6 14. 0-0 Nd4 15. Re1 Bxe2 16. Nxd4 cxd4 17. Nxe2 Ng4 18. Nf4 d3 19. Rf1 Bc5 20. Nxd3 Bxf2+ 21. Kh1 Qd6 22. e5 Qe7 23. h3 Qh4 24. Nxf2 Nxf2+ 25. Kh2 Rf3 26. Rxf2 Qg3+ 27. Kh1 Rxf2 28. Qe4 Raf8 0-1